Трансграничный терроризм (Запись № 589745)

Подробности
000 -МАРКЕР
контрольное поле 02098nam0a2200385 4500
001 - ИДЕНТИФИКАТОР ЗАПИСИ
контрольное поле RU\NLR\bibl\1015288
005 - ИДЕНТИФИКАТОР ВЕРСИИ
контрольное поле 20260407092737.0
010 ## - МЕЖДУНАРОДНЫЙ СТАНДАРТНЫЙ НОМЕР КНИГИ (ISBN)
Номер (ISBN) 5-02-034020-0
Тираж 500
021 ## - НОМЕР ГОСУДАРСТВЕННОЙ РЕГИСТРАЦИИ
Код страны Российская Федерация
Номер 2006-69395
Номер Листа государственной регистраци 3491
035 ## - ДРУГИЕ СИСТЕМНЫЕ НОМЕРА
Идентификатор записи (NLR Aleph) 001002871
100 ## - ДАННЫЕ ОБЩЕЙ ОБРАБОТКИ
Данные общей обработки 20061130d2006 |||y0rusy50 ca
101 0# - ЯЗЫК РЕСУРСА
Язык текста, звукозаписи и т.д. русский
Язык резюме испанский, кастильский испанский
Язык оглавления эсперанто
102 ## - СТРАНА ПУБЛИКАЦИИ ИЛИ ПРОИЗВОДСТВА
Страна публикации Российская Федерация
105 ## - ПОЛЕ КОДИРОВАННЫХ ДАННЫХ: ТЕКСТОВЫЕ МАТЕРИАЛЫ, МОНОГРАФИЧЕСКИЕ
Кодированные данные о монографическом текстовом документе y |||||||||
200 1# - ЗАГЛАВИЕ И СВЕДЕНИЯ ОБ ОТВЕТСТВЕННОСТИ
Основное заглавие Трансграничный терроризм
Параллельное заглавие Terrorismo transfronterizo
Сведения, относящиеся к заглавию угрозы безопасности и императивы международного сотрудничества
-- латиноамериканский вектор
Первые сведения об ответственности [д.полит.н. Б.Ф. Мартынов, д.и.н. Б.И. Коваль, к.и.н. С.И. Семенов и др.
Последующие сведения об ответственности отв. ред. д.полит.н. Б.Ф. Мартынов
-- Рос. акад. наук, Ин-т Латин. Америки]
Язык параллельного заглавия испанский, кастильский испанский
210 ## - ПУБЛИКАЦИЯ, РАСПРОСТРАНЕНИЕ И ДР.
Место издания, распространения и т.д. Москва
Имя издателя, распространителя и т. д. Наука
Дата издания, распространения и т.д. 2006
215 ## - ФИЗИЧЕСКАЯ ХАРАКТЕРИСТИКА
Специфическое обозначение материала и объем 236, [1] с.
Размеры 22
300 ## - ОБЩИЕ ПРИМЕЧАНИЯ
Текст примечания Рез. на исп. яз.
320 ## - ПРИМЕЧАНИЯ О НАЛИЧИИ В ДОКУМЕНТЕ БИБЛИОГРАФИИ / УКАЗАТЕЛЯ
Текст примечания Библиогр. в конце гл. и в подстроч. примеч.
510 0# - ПАРАЛЛЕЛЬНОЕ ЗАГЛАВИЕ
Параллельное заглавие Terrorismo transfronterizo
Язык заглавия испанский, кастильский испанский
606 1# - НАИМЕНОВАНИЕ ТЕМЫ КАК ПРЕДМЕТ
Наименование темы Терроризм международный
Системный номер авторитетной/нормативной записи 1566931
Идентификатор авторитетной/нормативной записи RU\NLR\auth\66686128
606 1# - НАИМЕНОВАНИЕ ТЕМЫ КАК ПРЕДМЕТ
Наименование темы Терроризм
Географический подзаголовок Латиноамериканские страны
Хронологический подзаголовок 2-я пол. 20 в. - нач. 21 в.
Системный номер авторитетной/нормативной записи 2451830
Идентификатор авторитетной/нормативной записи RU\NLR\auth\661457717
686 ## - ИНДЕКСЫ ДРУГИХ КЛАССИФИКАЦИЙ
Индекс Ф011.42
701 #1 - ИМЯ ЛИЦА - АЛЬТЕРНАТИВНАЯ ОТВЕТСТВЕННОСТЬ
Код отношения Автор
Материалы, к которым относится поле rus
Графика поля Кириллица
Начальный элемент ввода Мартынов
Часть имени, кроме начального элемента ввода Б. Ф.
Дополнения к именам, кроме дат д-р полит. наук
Даты 1953-
Расширение инициалов личного имени Борис Федорович
Идентификатор авторитетной/нормативной записи RU\NLR\AUTH\7768649
Системный номер авторитетной/нормативной записи 51577
701 #1 - ИМЯ ЛИЦА - АЛЬТЕРНАТИВНАЯ ОТВЕТСТВЕННОСТЬ
Начальный элемент ввода Коваль
Часть имени, кроме начального элемента ввода Б. И.
Расширение инициалов личного имени Борис Иосифович
Код отношения Автор
701 #1 - ИМЯ ЛИЦА - АЛЬТЕРНАТИВНАЯ ОТВЕТСТВЕННОСТЬ
Код отношения Автор
Графика поля Кириллица
Материалы, к которым относится поле rus
Начальный элемент ввода Семёнов
Часть имени, кроме начального элемента ввода С. И.
Дополнения к именам, кроме дат канд. ист. наук
Даты 1929-
Расширение инициалов личного имени Сергей Иванович
Системный номер авторитетной/нормативной записи 190275
Идентификатор авторитетной/нормативной записи RU\NLR\AUTH\770190326
712 02 - НАИМЕНОВАНИЕ ОРГАНИЗАЦИИ - ВТОРИЧНАЯ ОТВЕТСТВЕННОСТЬ
Код отношения Прочие
Начальный элемент ввода Институт Латинской Америки
Идентифицирующий признак Москва
Идентификатор авторитетной/нормативной записи RU\NLR\AUTH\8822179
Системный номер авторитетной/нормативной записи 318592
801 #0 - ИСТОЧНИК ЗАПИСИ
Страна Российская Федерация
Организация NLR
Дата составления 20061130
Правила каталогизации rcr
801 #1 - ИСТОЧНИК ЗАПИСИ
Страна Российская Федерация
Организация NLR
Дата составления 20061130
830 ## - ОБЩЕЕ ПРИМЕЧАНИЕ, СОСТАВЛЕННОЕ КАТАЛОГИЗАТОРОМ
Текст примечания авт. по ЭК
942 ## - ДОПОЛНИТЕЛЬНЫЕ ЭЛЕМЕНТЫ ЗАПИСИ (АБИС)
Тип экземпляра АБИС Книга
980 ## - КОЛЛЕКЦИЯ
Название коллекции Национальная библиография
Экземпляры
Тип экземпляра Дата поступления Источник поступления Библиотека постоянного хранения Библиотека текущего хранения Место хранения Шифр хранения Штрих-код Статус экземпляра
Книга 30.11.2006 Обязательный экземпляр РНБ (Московский) РНБ (Московский) Русский книжный фонд: издания с 1957 года 2006-5/8766 1-643137  
Книга 30.11.2006 Обязательный экземпляр РНБ (Московский) РНБ (Московский) Русский книжный фонд: издания с 1957 года 2006-5/8766 2311961